000 01083nam a2200241 a 4500
001 BRCA_8797
005 20190320210421.0
008 190417s1792----sp-#######---#000-0#spa-#
041 _aspa
044 _asp
084 _aBE178
_b.B83 1792
100 1 _aBuchan, William
_921934
245 1 0 _aMedicina domestica o tratada de las enfermedades quirúrgicas y cirugía en general
_cdel celebre Buchan, M.D. del Real Colegio Médico de Edimburgo; traducida de la última y nona edición inglesa, igualmente que las notas que puso Mr. Duplanil, Médico Honorario de S.A.R. el Conde de Artois, en su última versión Francesa por D. Pedro Sinnot, presbítero; segunda edición; Corregida, ilustrada y aumentada... tomo IV.
250 _a2a. ed.
260 _aMadrid
_bEn la Imprenta Real
_c1792
300 _a356 p. (t.4)
_c21.7 x 15 cm.
500 _aCon licencia
500 _aEstado físico: presenta encuadernación en pergamino con cintas rotas
650 1 4 _aCirugía
_yObras anteriores a 1800
_921935
700 1 _aSinnot, Pedro
_etr.
_921936
902 _aCFM
942 _2lcc
_cB
999 _c8448
_d8448